Statistics for Arizona cities A-Z

Click here to take the quiz!

General Stats

  • This quiz has been taken 98 times
  • The average score is 10 of 20

Answer Stats

LetterHintAnswer% Correct
PCapital.Phoenix
95%
TSecond largest city.Tucson
91%
MThird largest city.Mesa
88%
GGlendale Chocolate Festival is here.Glendale
84%
FSurrounded by mountains, desert and ponderosa pine forests.Flagstaff
77%
YThe Sheik , Beau Geste , Beau Geste (1939), Beau Geste (1966), Gunga Din , Flight of the Phoenix , Return of the Jedi and Spaceballs have been shot here.Yuma
72%
NOn February 14, 2014, one of the largest underground drug tunnels were discovered.Nogales
64%
KA city along Route 66, in northwestern Arizona.Kingman
59%
CHas reached its physical limits save for some remaining county islands and cannot expand outward anymoreChandler
56%
AHome to Phoenix International Raceway.Avondale
52%
BMalin M. Jackson named this town after his home state of Ohio's moniker.Buckeye
41%
DAlmost at the very bottom right part of the state.Douglas
41%
JHas a population of 444.Jerome
40%
LKnown as a base for trails in the nearby desert and water sportsLake Havasu City
32%
HThe city is the county seat of Navajo County.Holbrook
25%
QThe American Heritage Festival is here.Queen Creek
24%
WIn the late 19th century, there were so many questionable mining promotions.Wickenburg
21%
SHummingbird Capital of the United States.Sierra Vista
17%
EIs near Luke U.S. Air Force Base.El Mirage
12%
OJames D. Kriegh Park is here.Oro Valley
12%

Score Distribution

Percentile by Number Answered

Percent of People with Each Score

Your Score History

You have not taken this quiz